Countries in their own language(Africa) - Map Quiz - Statistics

General Stats
  • This quiz has been taken 122 times
    77 since last reset
  • The average score is 37 of 53
Answers on the Map
Answers color-coded by a green-red scale on the quiz's map according to % correct below.
 
Answer Stats
Answer % Correct
République centrafricaine
96%
Cabo Verde
94%
Madagaskar
94%
Cameroun
92%
Côte d'Ivoire
90%
Guinea Ecuatorial
90%
Moçambique
90%
São Tomé e Príncipe
90%
République Démocratique
du Congo
88%
Guinée
88%
South Africa
88%
South Sudan
88%
Botswana
86%
Gambia
86%
Liberia
86%
Nigeria
86%
Seychelles
86%
Sénégal
84%
Eswatini
84%
Ghana
84%
Guinea-Bissau
84%
Lesotho
84%
Malawi
84%
Mali
84%
Niger
84%
République du congo
84%
Togo
84%
Zambia
84%
Zimbabwe
84%
Angola
82%
Burkina Faso
82%
Namibia
82%
Bénin
80%
Burundi
80%
Gabon
80%
Kenya
80%
Uganda
80%
Rwanda
78%
Sierra Leone
78%
Tanzania
78%
ኢትዮጵያ
62%
ኤርትራ
60%
السودان
28%
مصر
22%
تونس
22%
المغرب
20%
الصومال
20%
ليبيا
20%
موريتانيا
20%
تشاد
18%
جزر القمر
18%
اليريا
14%
جيبوتي
14%
No matching quizzes found
Score Distribution
Percent of People with Each Score
Percentile by Number Answered
Your Score History
You have not taken this quiz since the last reset